Roncando al sol como una foca en las Galápagos (Registo nº 201788)

Detalhes MARC
000 -Etiqueta do registo
Valores 00608nam 22001933 4500
100 ## - Dados gerais de processamento
Dados gerais 20260416d u||y0pory50 ba
200 ## - Titulo e menção de responsabilidade
Título próprio Roncando al sol como una foca en las Galápagos
Primeira menção de responsabilidade J. G. Cobo Borda
210 ## - Publicação
Local de publicação Bogota
Nome do editor Gaceta-Colcultura
Data de publicação 1982
215 ## - Descrição física 
Paginação / Volumes 28 p.
Outras indicações físicas brochado
Dimensões 24 cm
300 ## - Notas gerais 
Texto da nota Contém dedicatória na folha de rosto
606 ## - Nome comum usado como assunto
ID Autoridade 979
Palavra de ordem Literatura Colombiana
610 ## - Termos não controlados
Palavra de ordem Poesia
675 ## - CDU
Notação 821.134.2(862)-1
Edição ES
Língua esp
700 ## - Autor principal (pessoa individual)
ID Autoridade 17131
Apelido Cobo Borda
Nome Juan Gustavo
Datas 1948-2022
801 ## - Fonte de origem
País PT
Agência BMMN
Regras de catalogação RPC
830 ## - Notas gerais do catalogador
Criado por Ana Falardo
Indexado por Ana Falardo
990 ## - Elementos KOHA
Tipo de documento Livro
Exemplares
Situação do levantamento Biblioteca de origem Código de barras Cota Permissão de empréstimo Tipo de documento Nota relativa ao exemplar Forma de aquisição
  Biblioteca Municipal de Montemor-o-Novo 31173 821.134.2(862)-1 COB|SAF   Livro Acesso Condicionado Oferta

Powered by Koha